00693nam a2200229 a 4500001001000000005001700010008004100027041000800068044000800076050002300084245005900107260003200166300001900198500000800217650004200225650002300267700002600290902000800316942001100324999001500335952011300350BRCA_669320190320205545.0171011s1923----nyu######b---#000-0#eng-# aeng anyu 4aPN6161b.C64c192310aA laugh a day Keeps the doctor awaybby Irvin S. Cobb. aNew YorkbGarden Cityc1923 a246 p.c21 cm. aI7614aIngenio y humor estadounidense91673314aAnécdotas9167341 aCobb, Irvin S.916735 aGFM 2lcccB c6376d6376 00104070aBRCAbBRCAd2011-10-17iI76l0oPN6161 .C64 1923 (I76)p7140r2019-03-22 00:00:00w2019-03-22yB